[Event "Russian Rapid GP 2015"]
[Site "Khanty-Mansiysk RUS"]
[Date "2015.12.15"]
[Round "15"]
[White "Ubiennykh, Ekaterina"]
[Black "Shomoev, Anton"]
[Result "0-1"]
[WhiteTitle "WIM"]
[BlackTitle "GM"]
[WhiteElo "2283"]
[BlackElo "2561"]
[WhiteFideId "4137582"]
[BlackFideId "4135148"]
[EventDate "2015.12.13"]

1. d4 g6 2. e4 Bg7 3. Nc3 d6 4. Be3 a6 5. a4 Nf6 6. Be2 O-O 7. g4 c5 8. dxc5 Qa5
9. Kf1 dxc5 10. g5 Nfd7 11. Nd5 Nc6 12. c3 e6 13. Nf4 Nde5 14. h4 Rd8 15. Qc2 b6
16. Kg2 Bb7 17. f3 Rac8 18. Bd2 c4 19. Be3 b5 20. Ngh3 b4 21. Nf2 bxc3 22. bxc3
Nd3 23. N2xd3 cxd3 24. Nxd3 Bxc3 25. Rab1 Nd4 26. Qa2 Bc6 27. Bd1 Nxf3 28. Bb6
Nxh4+ 29. Rxh4 Qxg5+ 30. Rg4 Bxe4+ 31. Kh3 Rxd3+ 0-1

[Event "Russian Rapid GP 2015"]
[Site "Khanty-Mansiysk RUS"]
[Date "2015.12.15"]
[Round "15"]
[White "Smirnov, Pavel"]
[Black "Anikonov, Dmitry"]
[Result "1/2-1/2"]
[WhiteTitle "GM"]
[BlackTitle "FM"]
[WhiteElo "2595"]
[BlackElo "2370"]
[WhiteFideId "4123425"]
[BlackFideId "24178012"]
[EventDate "2015.12.13"]

1. d4 Nc6 2. Nf3 d6 3. e4 Nf6 4. Nc3 g6 5. h3 Bg7 6. Be3 O-O 7. Qd2 e5 8. O-O-O
exd4 9. Nxd4 Nxd4 10. Bxd4 Be6 11. g4 c5 12. Be3 Qa5 13. a3 b5 14. Nxb5 Qxd2+
15. Rxd2 Nxe4 16. Rd1 Rab8 17. c3 Bb3 18. Re1 Ba4 19. Bg2 Nxf2 20. Bxf2 Bxb5 21.
Bg3 Rb6 22. Bd5 Bd3 23. g5 Bf5 24. Rh2 Be6 25. Bxe6 fxe6 26. Rxe6 d5 27. Rhe2 d4
28. Bd6 Rf1+ 29. Kc2 d3+ 30. Kxd3 Rd1+ 31. Rd2 Rxd2+ 32. Kxd2 Bf8 33. Bxf8 Rxe6
34. Bxc5 a6 35. b4 Kf7 36. a4 Re5 37. Be3 Ke6 38. Kd3 Rf5 39. c4 Rf1 40. b5 axb5
41. axb5 Rh1 42. Kd4 Rxh3 43. Bc1 Rh4+ 44. Kc5 Kd7 45. b6 Rh1 46. Be3 Rb1 47.
Kd5 Rb3 48. Bd4 Rg3 49. Bf6 Rd3+ 50. Bd4 Rg3 51. Bf6 Rd3+ 52. Bd4 1/2-1/2

[Event "Russian Rapid GP 2015"]
[Site "Khanty-Mansiysk RUS"]
[Date "2015.12.15"]
[Round "15"]
[White "Pridorozhni, Aleksei"]
[Black "Dordzhieva, Dinara"]
[Result "1-0"]
[WhiteTitle "GM"]
[BlackTitle "WIM"]
[WhiteElo "2563"]
[BlackElo "2230"]
[WhiteFideId "4127870"]
[BlackFideId "24157570"]
[EventDate "2015.12.13"]

1. e4 c5 2. Nf3 a6 3. c3 d5 4. exd5 Qxd5 5. d4 Nf6 6. Be2 e6 7. Na3 Nc6 8. Nc4
Qd8 9. dxc5 Qxd1+ 10. Bxd1 Bxc5 11. b4 Ba7 12. a4 Ne4 13. O-O Nxc3 14. Bb2 Nxd1
15. Rfxd1 O-O 16. b5 Nb4 17. b6 Bb8 18. Ba3 Nd5 19. Bxf8 Kxf8 20. a5 Ke7 21. Re1
Bd7 22. Rad1 Kf8 23. g3 Bb5 24. Nfd2 Ke7 25. Rc1 Nb4 26. Rc3 Nc6 27. Nb3 Bxc4
28. Rxc4 Bd6 29. Rec1 Rd8 30. Kg2 Ne5 31. Rc8 Rxc8 32. Rxc8 Kd7 33. Rc3 Bb4 34.
Rc7+ 1-0